000 00499nam a2200181Ia 4500
005 20250923144515.0
008 008 250917s9999 xx 000 0 eng d
037 _aTextual
040 _aDSWL
_beng
_cDSWL
041 _aeng
_2eng
084 _qDSWL
100 _aMorris, Marry
_9825569
245 0 _aVoluntary organisations & social programmes
_cby Marry Morris
260 _aLondon
_bVictor Gollancz
_c1955
300 _a224p.
942 _cTEXL
999 _c1439777
_d1439777